000 00728nam a22002057a 4500
999 _c57743
_d57743
005 20201109125338.0
008 201021s2010 enk||||| |||| 00| 0 eng d
020 _a9780194594639
041 _aeng
080 _a811.111.1 O-97
100 _aOxenden, Clive
_99651
245 _aNew English File :
_bAdvanced Workbook with Key /
_cClive Oxenden, Cristina Latham-Koenig with Jane Hudson.
264 _aOxford :
_bOxford university press,
_c2010.
300 _a87 p.
_b30 cm.
653 _aინგლისური ენა
653 _aსამუშაო რვეული
700 _a Latham-Koenig, Cristina
_eავტორი
_99652
700 _aHudson, Jane
_eავტორი
_99653
942 _2udc
_cBK